000 00697nam a2200253Ia 4500
003 OSt
005 20220918164429.0
006 a|||||r|||| 00| 0
007 ta
008 220917b |||||||| |||| 00| 0 eng d
020 _a0582382270 (pbk)
024 _a155,943
037 _cTextual
040 _aARTS
_cARTS
_beng
041 _2eng
_aeng
082 _aY63:10gY7, P1
100 _aDeegan Heather
_916855
245 0 _aPolitics of the new South Africa
_b apartheid and after
260 _aEngland
_bPearson Education Ltd.
_c2001
300 _ax; 261p.
_ccm.
650 _aSOCIOLOGY
942 _hY63:10gY7, P1
_cTEXL
_2CC
999 _c124755
_d124755